[Event "Warsaw YMCA Winter-B 117th"]
[Site "Warsaw"]
[Date "2013.02.25"]
[Round "7"]
[White "Kadzinski, Wieslaw"]
[Black "Zurkowski, Andrzej"]
[Result "0-1"]
[WhiteElo "1972"]
[BlackElo "2005"]
[PlyCount "72"]
[EventDate "2013.01.09"]
[EventType "tourn"]
[EventRounds "11"]
[EventCountry "POL"]
[SourceTitle "EXT 2014"]
[Source "ChessBase"]
[SourceDate "2013.11.20"]
[SourceVersion "1"]
[SourceVersionDate "2013.11.20"]
[SourceQuality "1"]

1. e4 d5 2. exd5 Qxd5 3. Nc3 Qd6 4. d4 Nf6 5. Bc4 a6 6. Nf3 b5 7. Bd3 Bb7 8. 0-0 Nbd7 9. Re1 e6 10. Ng5 Be7 11. Be3 0-0 12. Nce4 Qc6 13. f3 h6 14. Nxf6+ Nxf6 15. Ne4 Nd5 16. Bd2 Qb6 17. c3 e5 18. Ng3 exd4 19. Kh1 dxc3 20. bxc3 Bh4 21. Nf5 Qf6 22. Be4 Rad8 23. Qc2 Bxe1 24. Rxe1 Rfe8 25. Qc1 c6 26. a4 Bc8 27. Ng3 Qh4 28. c4 bxc4 29. Qxc4 Qf6 30. Rc1 Ne7 31. Bc3 Qe6 32. Qb4 Nd5 33. Qb2 Nxc3 34. Qxc3 Qe5 35. Qxc6 f5 36. f4 Qa5 0-1

[Event "Warsaw YMCA Winter-B 117th"]
[Site "Warsaw"]
[Date "2013.01.09"]
[Round "1"]
[White "Kadzinski, Wieslaw"]
[Black "Rozycki, Bartlomiej"]
[Result "0-1"]
[WhiteElo "1972"]
[BlackElo "2011"]
[PlyCount "56"]
[EventDate "2013.01.09"]
[EventType "tourn"]
[EventRounds "11"]
[EventCountry "POL"]
[SourceTitle "EXT 2014"]
[Source "ChessBase"]
[SourceDate "2013.11.20"]
[SourceVersion "1"]
[SourceVersionDate "2013.11.20"]
[SourceQuality "1"]

1. e4 e5 2. Nf3 Nc6 3. Bc4 Bc5 4. b4 Bxb4 5. c3 Be7 6. d4 Na5 7. Be2 exd4 8. Qxd4 Nf6 9. e5 Nc6 10. Qf4 Nd5 11. Qe4 Nb6 12. Qg4 g6 13. Bh6 d6 14. Qf4 dxe5 15. Nxe5 Nxe5 16. Qxe5 f6 17. Qe3 Kf7 18. 0-0 Re8 19. Rd1 Bd6 20. Qf3 Qe7 21. Re1 Be6 22. Nd2 Rad8 23. Ne4 Be5 24. Bd1 Kg8 25. Bb3 c6 26. Nxf6+ Qxf6 27. Qxf6 Bxf6 28. Bxe6+ Kh8 0-1

[Event "Warsaw YMCA Summer-A 109th"]
[Site "Warsaw"]
[Date "2012.07.18"]
[Round "3"]
[White "Sujkowski, Pawel"]
[Black "Kadzinski, Wieslaw"]
[Result "1/2-1/2"]
[WhiteElo "1970"]
[BlackElo "1965"]
[PlyCount "44"]
[EventDate "2012.07.11"]
[EventType "tourn"]
[EventRounds "9"]
[EventCountry "POL"]
[SourceTitle "EXT 2019"]
[Source "ChessBase"]
[SourceDate "2018.10.10"]
[SourceVersion "1"]
[SourceVersionDate "2018.10.10"]
[SourceQuality "1"]

1. e4 e5 2. Nf3 Nc6 3. Bb5 a6 4. Bxc6 dxc6 5. 0-0 Bg4 6. h3 h5 7. d3 Qf6 8. Be3 Bxf3 9. Qxf3 Qxf3 10. gxf3 Bd6 11. Nd2 Ne7 12. Nc4 Ng6 13. Rfd1 0-0-0 14. Kf1 Rd7 15. Ke2 Be7 16. Rg1 Bf6 17. b4 b6 18. a4 Kb7 19. Ra3 Re8 20. Rb3 Rdd8 21. Nd2 Nf8 22. Nc4 Ne6 1/2-1/2

[Event "Warsaw YMCA Summer-A 109th"]
[Site "Warsaw"]
[Date "2012.07.11"]
[Round "1"]
[White "Wroblewski, Szymon"]
[Black "Kadzinski, Wieslaw"]
[Result "1/2-1/2"]
[WhiteElo "1919"]
[BlackElo "1965"]
[PlyCount "30"]
[EventDate "2012.07.11"]
[EventType "tourn"]
[EventRounds "9"]
[EventCountry "POL"]
[SourceTitle "EXT 2019"]
[Source "ChessBase"]
[SourceDate "2018.10.10"]
[SourceVersion "1"]
[SourceVersionDate "2018.10.10"]
[SourceQuality "1"]

1. e4 e5 2. Nf3 Nc6 3. d4 exd4 4. Nxd4 Nf6 5. Nxc6 bxc6 6. e5 Qe7 7. Qe2 Nd5 8. c4 Ba6 9. b3 g5 10. Qe4 Nf4 11. Bb2 Bg7 12. Nd2 0-0 13. 0-0-0 Ng6 14. Re1 Rfe8 15. Nf3 Rab8 1/2-1/2

[Event "Warsaw YMCA Summer-A 93rd"]
[Site "Warsaw"]
[Date "2011.08.26"]
[Round "7"]
[White "Kadzinski, Wieslaw"]
[Black "Potocki, Karol"]
[Result "1-0"]
[WhiteElo "1976"]
[BlackElo "1919"]
[PlyCount "34"]
[EventDate "2011.07.26"]
[EventType "tourn"]
[EventRounds "9"]
[EventCountry "POL"]
[SourceTitle "EXT 2019"]
[Source "ChessBase"]
[SourceDate "2018.10.10"]
[SourceVersion "1"]
[SourceVersionDate "2018.10.10"]
[SourceQuality "1"]

1. e4 e5 2. Nf3 Nf6 3. d4 Nxe4 4. Bd3 d5 5. Nxe5 Be7 6. Nc3 Nf6 7. 0-0 0-0 8. Bg5 Nc6 9. Nxc6 bxc6 10. Re1 Bg4 11. Bxf6 Bxd1 12. Bxe7 Qd7 13. Bxf8 Bxc2 14. Bxc2 Rxf8 15. Na4 Re8 16. Nc5 Rxe1+ 17. Rxe1 Qd8 1-0

[Event "Warsaw YMCA Summer-A 93rd"]
[Site "Warsaw"]
[Date "2011.08.23"]
[Round "8"]
[White "Safanowski, Tomasz"]
[Black "Kadzinski, Wieslaw"]
[Result "0-1"]
[WhiteElo "1953"]
[BlackElo "1976"]
[PlyCount "56"]
[EventDate "2011.07.26"]
[EventType "tourn"]
[EventRounds "9"]
[EventCountry "POL"]
[SourceTitle "EXT 2019"]
[Source "ChessBase"]
[SourceDate "2018.10.10"]
[SourceVersion "1"]
[SourceVersionDate "2018.10.10"]
[SourceQuality "1"]

1. f4 e5 2. fxe5 d6 3. exd6 Bxd6 4. Nf3 Bg4 5. e4 Nc6 6. Be2 Bxf3 7. Bxf3 Qh4+ 8. g3 Bxg3+ 9. hxg3 Qxg3+ 10. Kf1 Nd4 11. Bg2 Nf6 12. Rh3 Qf4+ 13. Bf3 Nxe4 14. d3 Qf5 15. dxe4 Qxh3+ 16. Bg2 Qd7 17. Qd3 Rd8 18. Be3 0-0 19. c3 Nf5 20. Qxd7 Nxe3+ 21. Ke2 Rxd7 22. Kxe3 Rd1 23. Bf3 Rg1 24. Kd2 g5 25. Kc2 g4 26. Bd1 Rd8 27. Na3 g3 28. Nc4 Rdxd1 0-1

[Event "Warsaw YMCA Summer-A 93rd"]
[Site "Warsaw"]
[Date "2011.08.11"]
[Round "6"]
[White "Szewczak, Andrzej"]
[Black "Kadzinski, Wieslaw"]
[Result "1-0"]
[WhiteElo "2005"]
[BlackElo "1976"]
[PlyCount "71"]
[EventDate "2011.07.26"]
[EventType "tourn"]
[EventRounds "9"]
[EventCountry "POL"]
[SourceTitle "EXT 2019"]
[Source "ChessBase"]
[SourceDate "2018.10.10"]
[SourceVersion "1"]
[SourceVersionDate "2018.10.10"]
[SourceQuality "1"]

1. e4 e5 2. Nf3 Nc6 3. Bc4 Nf6 4. Nc3 Nxe4 5. Nxe4 d5 6. Bd3 dxe4 7. Bxe4 Bd6 8. Qe2 0-0 9. d3 Bg4 10. c3 Kh8 11. h3 Bh5 12. g4 Bg6 13. Bg5 Qd7 14. 0-0-0 Qe6 15. Kb1 f5 16. gxf5 Bxf5 17. Nh4 Bxe4 18. dxe4 g6 19. Rhg1 Rf7 20. Rg3 Bc5 21. Nf3 b5 22. Rd5 Bd6 23. Qxb5 Rb8 24. Qa4 Ne7 25. Rd2 Rbf8 26. Qd1 Qc4 27. Rxd6 cxd6 28. Nd2 Qe6 29. Bh6 Rb8 30. Be3 d5 31. Nf3 d4 32. cxd4 Qb6 33. b3 Qb7 34. d5 Qb4 35. Qd3 Qd6 36. Nxe5 1-0

[Event "Warsaw YMCA Summer-A 93rd"]
[Site "Warsaw"]
[Date "2011.08.04"]
[Round "4"]
[White "Kadzinski, Wieslaw"]
[Black "Liberadzki, Slawomir"]
[Result "0-1"]
[WhiteElo "1976"]
[BlackElo "2063"]
[PlyCount "52"]
[EventDate "2011.07.26"]
[EventType "tourn"]
[EventRounds "9"]
[EventCountry "POL"]
[SourceTitle "EXT 2019"]
[Source "ChessBase"]
[SourceDate "2018.10.10"]
[SourceVersion "1"]
[SourceVersionDate "2018.10.10"]
[SourceQuality "1"]

1. e4 c5 2. Nf3 e6 3. d4 cxd4 4. Nxd4 Nc6 5. Nc3 Qc7 6. Be3 a6 7. Bd3 Nf6 8. 0-0 Nxd4 9. Bxd4 Bc5 10. Bxc5 Qxc5 11. Qe2 d6 12. Kh1 e5 13. f4 Bg4 14. Qe1 Be6 15. fxe5 Qxe5 16. Qh4 h6 17. Nd5 Nxd5 18. exd5 Qxd5 19. Be4 Qb5 20. a4 Qd7 21. Rae1 0-0 22. Rf6 Rfe8 23. Re3 Bg4 24. Rxh6 gxh6 25. Qxh6 Rxe4 26. Rxe4 Qf5 0-1

[Event "Warsaw YMCA Spring-B 90th"]
[Site "Warsaw"]
[Date "2011.06.09"]
[Round "8"]
[White "Rozowski, Marcin"]
[Black "Kadzinski, Wieslaw"]
[Result "1-0"]
[WhiteElo "1893"]
[BlackElo "1979"]
[PlyCount "57"]
[EventDate "2011.04.05"]
[EventType "tourn"]
[EventRounds "11"]
[EventCountry "POL"]
[SourceTitle "EXT 2019"]
[Source "ChessBase"]
[SourceDate "2018.10.10"]
[SourceVersion "1"]
[SourceVersionDate "2018.10.10"]
[SourceQuality "1"]

1. e4 e5 2. Nf3 Nc6 3. Bb5 a6 4. Ba4 Nf6 5. 0-0 Be7 6. Re1 b5 7. Bb3 0-0 8. c3 d5 9. exd5 Nxd5 10. Nxe5 Nxe5 11. Rxe5 c6 12. d4 Bd6 13. Re1 Qh4 14. g3 Qh3 15. Qe2 Bg4 16. Qf1 Qh5 17. Nd2 Rae8 18. f3 Rxe1 19. Qxe1 Bxf3 20. Nxf3 Qxf3 21. Qd1 Qf5 22. Bc2 Qh3 23. Qf3 f5 24. Bb3 Re8 25. Bd2 Re4 26. Re1 Qg4 27. Qxg4 Rxe1+ 28. Bxe1 fxg4 29. c4 1-0

[Event "Warsaw YMCA Autumn-B 83rd"]
[Site "Warsaw"]
[Date "2010.11.25"]
[Round "9"]
[White "Kosny, Marek"]
[Black "Kadzinski, Wieslaw"]
[Result "1/2-1/2"]
[WhiteElo "1993"]
[BlackElo "1996"]
[PlyCount "58"]
[EventDate "2010.09.23"]
[EventType "tourn"]
[EventRounds "13"]
[EventCountry "POL"]
[SourceTitle "EXT 2019"]
[Source "ChessBase"]
[SourceDate "2018.10.10"]
[SourceVersion "1"]
[SourceVersionDate "2018.10.10"]
[SourceQuality "1"]

1. c4 g6 2. g3 Bg7 3. Bg2 d6 4. Nc3 e5 5. Nf3 Nf6 6. 0-0 0-0 7. d4 Nbd7 8. h3 c6 9. Bg5 h6 10. Be3 e4 11. Nh2 d5 12. Qd2 Kh7 13. cxd5 cxd5 14. f3 exf3 15. exf3 Nb6 16. b3 Bd7 17. g4 Re8 18. Rae1 Rc8 19. g5 Nh5 20. gxh6 Rxe3 21. hxg7 Rxe1 22. Rxe1 Kxg7 23. Ng4 g5 24. Re5 f6 25. Re3 Nf4 26. Ne2 Ng6 27. Ng3 Nf4 28. Bf1 Qf8 29. Qe1 Qd6 1/2-1/2

[Event "Warsaw YMCA Autumn-B 83rd"]
[Site "Warsaw"]
[Date "2010.11.18"]
[Round "8"]
[White "Kadzinski, Wieslaw"]
[Black "Szymczak, Rafal"]
[Result "1-0"]
[WhiteElo "1996"]
[BlackElo "2045"]
[PlyCount "65"]
[EventDate "2010.09.23"]
[EventType "tourn"]
[EventRounds "13"]
[EventCountry "POL"]
[SourceTitle "EXT 2019"]
[Source "ChessBase"]
[SourceDate "2018.10.10"]
[SourceVersion "1"]
[SourceVersionDate "2018.10.10"]
[SourceQuality "1"]

1. e4 c6 2. d4 d5 3. e5 Bf5 4. Nc3 e6 5. g4 Bg6 6. Nge2 c5 7. h4 h6 8. f4 Nc6 9. Be3 Qa5 10. Qd2 0-0-0 11. Bh3 h5 12. f5 hxg4 13. fxg6 gxh3 14. gxf7 Nh6 15. 0-0-0 cxd4 16. Nxd4 Nxd4 17. Bxd4 Be7 18. Rxh3 Nxf7 19. Qe2 Rxh4 20. Rxh4 Bxh4 21. Qh5 Bg5+ 22. Kb1 Qc7 23. Rf1 Rh8 24. Qg6 Qe7 25. Nb5 Nd8 26. Bxa7 Bh6 27. Nd6+ Kc7 28. Qd3 Rf8 29. Rxf8 Qxf8 30. Qb5 Qf4 31. Qc5+ Kd7 32. Qc8+ Ke7 33. Qc7+ 1-0

[Event "Warsaw YMCA Spring-B 77th"]
[Site "Warsaw"]
[Date "2010.05.25"]
[Round "10"]
[White "Kadzinski, Wieslaw"]
[Black "Rzepecka, Dorota"]
[Result "0-1"]
[WhiteElo "1987"]
[BlackElo "1914"]
[PlyCount "65"]
[EventDate "2010.04.08"]
[EventType "tourn"]
[EventRounds "11"]
[EventCountry "POL"]
[SourceTitle "EXT 2019"]
[Source "ChessBase"]
[SourceDate "2018.10.10"]
[SourceVersion "1"]
[SourceVersionDate "2018.10.10"]
[SourceQuality "1"]

1. e4 e6 2. d4 d5 3. Nc3 Bb4 4. e5 c5 5. a3 Bxc3+ 6. bxc3 Ne7 7. Nf3 Qa5 8. Bd2 Qc7 9. Be2 Bd7 10. a4 Nbc6 11. 0-0 Nf5 12. Bd3 cxd4 13. cxd4 Ncxd4 14. Nxd4 Nxd4 15. Re1 Nc6 16. c4 dxc4 17. Bxc4 Nxe5 18. Bf4 Qxc4 19. Bxe5 Bc6 20. Rc1 Qd5 21. Qg4 0-0-0 22. f4 h5 23. Qh3 Rhe8 24. Re2 f6 25. Bb2 Kb8 26. Qg3 Ka8 27. a5 Qd3 28. Qf2 Bb5 29. Rce1 Rd6 30. h3 Qf5 31. Ba3 Rc6 32. Qg3 Bxe2 33. Rxe2 0-1

[Event "Warsaw YMCA Winter-B 73rd"]
[Site "Warsaw"]
[Date "2010.03.18"]
[Round "11"]
[White "Kadzinski, Wieslaw"]
[Black "Sujkowski, Pawel"]
[Result "0-1"]
[WhiteElo "1987"]
[BlackElo "1921"]
[PlyCount "50"]
[EventDate "2010.01.07"]
[EventType "tourn"]
[EventRounds "11"]
[EventCountry "POL"]
[SourceTitle "EXT 2011"]
[Source "ChessBase"]
[SourceDate "2010.11.26"]
[SourceVersion "1"]
[SourceVersionDate "2010.11.26"]
[SourceQuality "1"]

1. e4 c5 2. Nf3 d6 3. d4 cxd4 4. Nxd4 Nf6 5. Nc3 g6 6. Be3 Bg7 7. f3 Nc6 8. Qd2 Bd7 9. 0-0-0 Rc8 10. Nb3 Ne5 11. Bh6 Bxh6 12. Qxh6 a5 13. a4 Nc4 14. Bxc4 Rxc4 15. Rhe1 Qc7 16. f4 Rxc3 17. bxc3 Qxc3 18. Qh4 Bxa4 19. Rd3 Qb4 20. e5 dxe5 21. Rxe5 0-0 22. Kb2 Bxb3 23. Rxb3 Qd4+ 24. Kb1 Ne4 25. Rxb7 Nc3+ 0-1

[Event "Warsaw YMCA Winter-B 73rd"]
[Site "Warsaw"]
[Date "2010.01.14"]
[Round "2"]
[White "Kadzinski, Wieslaw"]
[Black "Wojcik, Wieslaw"]
[Result "0-1"]
[WhiteElo "1987"]
[BlackElo "1961"]
[PlyCount "78"]
[EventDate "2010.01.07"]
[EventType "tourn"]
[EventRounds "11"]
[EventCountry "POL"]
[SourceTitle "EXT 2011"]
[Source "ChessBase"]
[SourceDate "2010.11.26"]
[SourceVersion "1"]
[SourceVersionDate "2010.11.26"]
[SourceQuality "1"]

1. e4 c5 2. Nf3 Nc6 3. Nc3 d6 4. d4 cxd4 5. Nxd4 e5 6. Nf5 Bxf5 7. exf5 Nf6 8. Bg5 Be7 9. g4 Nd4 10. Bg2 h5 11. Bxf6 Bxf6 12. h3 hxg4 13. hxg4 Rxh1+ 14. Bxh1 Bg5 15. Nd5 Rc8 16. c3 Nc6 17. Qd3 Kf8 18. Be4 Ne7 19. Ne3 Bxe3 20. fxe3 d5 21. 0-0-0 Qb6 22. Bxd5 Nxd5 23. Qxd5 Qxe3+ 24. Kb1 Qe2 25. g5 Qg4 26. Rh1 Qxf5+ 27. Ka1 Qxg5 28. Qd6+ Kg8 29. Qd7 Rd8 30. Qh3 f5 31. Qf1 Qg4 32. Rg1 Qe4 33. a3 f4 34. Qh3 Qc4 35. Qf5 Qd5 36. Qg6 Qf7 37. Qe4 f3 38. Qxe5 f2 39. Rf1 Qc4 0-1

[Event "Warsaw op 04"]
[Site "Warsaw"]
[Date "2009.05.28"]
[Round "11"]
[White "Malec, Sebastian"]
[Black "Kadzinski, Wieslaw"]
[Result "1-0"]
[WhiteElo "2041"]
[BlackElo "1986"]
[PlyCount "69"]
[EventDate "2009.04.07"]
[EventType "swiss"]
[EventRounds "11"]
[EventCountry "POL"]
[SourceTitle "EXT 2012"]
[Source "ChessBase"]
[SourceDate "2011.11.24"]
[SourceVersion "1"]
[SourceVersionDate "2011.11.24"]
[SourceQuality "1"]

1. e4 e5 2. Nf3 Nc6 3. Bb5 a6 4. Ba4 Nf6 5. d3 b5 6. Bb3 Be7 7. 0-0 0-0 8. c3 d5 9. Qe2 d4 10. Nbd2 Bc5 11. h3 h6 12. Rd1 a5 13. a3 Qd6 14. cxd4 Bxd4 15. Nf1 Be6 16. Bxe6 fxe6 17. Ne3 Nh5 18. g3 Bb6 19. Kg2 g6 20. Ng4 Rxf3 21. Qxf3 Rf8 22. Qe2 Nd4 23. Qd2 Nb3 24. Qxh6 Nxa1 25. Qxg6+ Ng7 26. Bh6 Qe7 27. Rxa1 Bd4 28. Bg5 Qe8 29. Nf6+ Rxf6 30. Qxf6 Bxb2 31. Ra2 Bc3 32. g4 b4 33. axb4 axb4 34. Bh6 Qd7 35. Qg6 1-0

[Event "Warsaw YMCA Summer 50th"]
[Site "Warsaw"]
[Date "2008.08.01"]
[Round "6"]
[White "Kadzinski, Wieslaw"]
[Black "Potocki, Karol"]
[Result "0-1"]
[WhiteElo "1968"]
[BlackElo "1691"]
[PlyCount "82"]
[EventDate "2008.07.16"]
[EventType "tourn"]
[EventRounds "11"]
[EventCountry "POL"]
[SourceTitle "EXT 2019"]
[Source "ChessBase"]
[SourceDate "2018.10.10"]
[SourceVersion "1"]
[SourceVersionDate "2018.10.10"]
[SourceQuality "1"]

1. e4 d5 2. exd5 Nf6 3. d4 Nxd5 4. c4 Nb6 5. Nf3 g6 6. Be2 Bg7 7. 0-0 0-0 8. Nc3 Bg4 9. Be3 Nc6 10. d5 Bxf3 11. gxf3 Ne5 12. Bd4 c5 13. Bxc5 Nexc4 14. Rb1 Rc8 15. Bd4 e5 16. Bxb6 Nxb6 17. Qb3 f5 18. Rbd1 Kh8 19. Kh1 Rf6 20. a4 Nd7 21. a5 Nc5 22. Qa3 Bf8 23. b4 Nd7 24. Bb5 a6 25. Bxd7 Qxd7 26. Na4 Qf7 27. Nb6 Rd8 28. Rfe1 g5 29. Qb2 Re8 30. Rxe5 Rxe5 31. Qxe5 Bd6 32. Qd4 Kg8 33. Nc4 Bf4 34. Kg2 Rh6 35. d6 Rxh2+ 36. Kg1 Qh5 37. Qd5+ Kg7 38. Qd4+ Kg6 39. Ne5+ Bxe5 40. Qxe5 Rh1+ 41. Kg2 Qh3# 0-1

[Event "Warsaw YMCA Summer 50th"]
[Site "Warsaw"]
[Date "2008.07.23"]
[Round "3"]
[White "Prus, Marek"]
[Black "Kadzinski, Wieslaw"]
[Result "0-1"]
[WhiteElo "1837"]
[BlackElo "1968"]
[PlyCount "68"]
[EventDate "2008.07.16"]
[EventType "tourn"]
[EventRounds "11"]
[EventCountry "POL"]
[SourceTitle "EXT 2019"]
[Source "ChessBase"]
[SourceDate "2018.10.10"]
[SourceVersion "1"]
[SourceVersionDate "2018.10.10"]
[SourceQuality "1"]

1. e4 e5 2. Nf3 Nc6 3. Bb5 a6 4. Ba4 Nf6 5. 0-0 Be7 6. Re1 b5 7. Bb3 d6 8. c3 0-0 9. h3 Na5 10. Bc2 c5 11. d4 Nd7 12. Nbd2 cxd4 13. cxd4 Nc6 14. d5 Nb4 15. Bb1 a5 16. Nf1 Bf6 17. Ng3 g6 18. Bh6 Bg7 19. Qd2 Nb6 20. b3 Nd7 21. Nh2 Nf6 22. Bxg7 Kxg7 23. f4 Qb6+ 24. Kh1 exf4 25. Qxf4 Qd4 26. a3 Qxa1 27. axb4 Qe5 28. Qe3 axb4 29. Bd3 Bd7 30. Nhf1 Ra2 31. Nd2 Rc8 32. Ne2 Nxd5 33. Nf3 Nxe3 34. Nxe5 dxe5 0-1

[Event "Warsaw Elo-B"]
[Site "Warsaw"]
[Date "2008.02.28"]
[Round "8"]
[White "Sielicki, Tomasz"]
[Black "Kadzinski, Wieslaw"]
[Result "1-0"]
[WhiteElo "2007"]
[BlackElo "1969"]
[PlyCount "61"]
[EventDate "2008.01.02"]
[EventType "tourn"]
[EventRounds "13"]
[EventCountry "POL"]
[SourceTitle "EXT 2010"]
[Source "ChessBase"]
[SourceDate "2010.11.25"]
[SourceVersion "1"]
[SourceVersionDate "2010.11.25"]
[SourceQuality "1"]

1. d4 d5 2. c4 e6 3. Nc3 f5 4. Nf3 Nf6 5. Bf4 c6 6. e3 Be7 7. Bd3 0-0 8. Qc2 Ne4 9. g4 Bb4 10. Ke2 b5 11. c5 Ba5 12. Rag1 b4 13. Nd1 Bc7 14. Ne5 a5 15. f3 Kh8 16. fxe4 fxe4 17. Bxe4 dxe4 18. Nf2 Ba6+ 19. Ke1 Bxe5 20. Bxe5 Qd5 21. Nxe4 Rf3 22. Rg3 Rf8 23. Rh3 Ra7 24. Rg1 Qc4 25. Qxc4 Bxc4 26. b3 Bd3 27. Ng5 Re8 28. e4 Bb5 29. Rxh7+ Kg8 30. Rg3 Na6 31. Rgh3 1-0